Plásticos (Registro nro. 127335)
[ vista simple ]
| 000 -LEADER | |
|---|---|
| campo de control de longitud fija | 01145nam a2200265 4500 |
| 001 - NÚMERO DE CONTROL | |
| campo de control | 127335 |
| 003 - IDENTIFICADOR DE NÚMERO DE CONTROL | |
| campo de control | ES-MaACL |
| 005 - FECHA Y HORA DE LA ÚLTIMA TRANSACCIÓN | |
| campo de control | 20250328184015.0 |
| 007 - CAMPO FIJO DE DESCRIPCIÓN FÍSICA--INFORMACIÓN GENERAL | |
| campo de control de longitud fija | t| |
| 008 - DATOS DE LONGITUD FIJA--INFORMACIÓN GENERAL | |
| campo de control de longitud fija | 070214s1949 sp r ||||1| spa d |
| 245 00 - MENCIÓN DEL TÍTULO | |
| Título | Plásticos |
| Resto del título | : introducción a su tecnología / |
| Mención de responsabilidad, etc. | Henry M. Richardson y J. Watson Wilson, editores ; traducción del inglés por Carlos Paniagua Arellano ; revisión y prólogo por Vicente Villar Palasí. |
| 260 ## - PUBLICACIÓN, DISTRIBUCIÓN, ETC. | |
| Lugar de publicación, distribución, etc. | Madrid : |
| Nombre del editor, distribuidor, etc. | Aguilar, |
| Fecha de publicación, distribución, etc. | 1949. |
| 300 ## - DESCRIPCIÓN FÍSICA | |
| Extensión | XVII, 596 p. : |
| Otras características físicas | il. ; |
| Dimensiones | 22 cm. |
| 510 ## - NOTA DE CITAS O REFERENCIAS BIBLIOGRÁFICAS | |
| Nombre de la fuente | CCPB,<br/> |
| Localización dentro de la fuente | 001026010-2 |
| 650 #7 - PUNTO DE ACCESO ADICIONAL DE MATERIA--TÉRMINO DE MATERIA | |
| 9 (RLIN) | 144551 |
| Término de materia o nombre geográfico como elemento de entrada | Plásticos |
| 700 1# - ENTRADA AGREGADA--NOMBRE PERSONAL | |
| Nombre de persona | Paniagua Arellano, Carlos. |
| 9 (RLIN) | 88784 |
| 700 1# - ENTRADA AGREGADA--NOMBRE PERSONAL | |
| Nombre de persona | Villar Palasí, Vicente. |
| 9 (RLIN) | 115099 |
| 700 1# - ENTRADA AGREGADA--NOMBRE PERSONAL | |
| Nombre de persona | Richardson, Henry M. |
| 9 (RLIN) | 96932 |
| 700 1# - ENTRADA AGREGADA--NOMBRE PERSONAL | |
| Nombre de persona | Wilson, J. Watson. |
| 9 (RLIN) | 117033 |
| 852 ## - LOCALIZACIÓN | |
| Ubicación | ES-MaACL |
| Número de control de estantería | D-6294 |
| Sublocalización o colección | R.30343 |
| -- | R.M. 5889 |
| itemnumber | 132011 |
| Ubicación en estantería | Sala Valle Inclán |
| Encuadernación | Encuadernación en tela azul |
| Marcas de propiedad | Sello en tinta azul de la Biblioteca del Ateneo de Madrid |
| 942 ## - ELEMENTOS DE ENTRADA SECUNDARIOS (KOHA) | |
| Fuente del sistema de clasificación o colocación | Clasificación decimal universal |
| Tipo de ítem Koha | Libro impreso |
| Estatus retirado | Estado de pérdida | Estado de daño | No para préstamo | Biblioteca de origen | Biblioteca actual | Ubicación en estantería | Fecha de adquisición | Fuente de adquisición | Total de préstamos | Signatura topográfica completa | Código de barras | Visto por última vez | Precio de reemplazo | Tipo de ítem Koha |
|---|---|---|---|---|---|---|---|---|---|---|---|---|---|---|
| Biblioteca del Ateneo de Madrid | Biblioteca del Ateneo de Madrid | Sala Valle Inclán | 17/01/2008 | D-6294 | 901132627 | 23/02/2023 | 23/02/2023 | Libro impreso |
